LEADER 01455nam0 22003131i 450 001 UON00327654 005 20231205104207.208 010 $a978-90-04-16991-3 100 $a20090724d2008 |0itac50 ba 101 $aeng 102 $aNL 105 $a|||| ||||| 200 1 $aOrality, Literacy, Memory in the Ancient Greek and Roman World$e(Orality and Literacy in Ancient Greece, vol. 7)$fed. E. Anne Mackay 210 $aLieden$aBoston$cBrill$d2008 215 $a281 p.$d24 cm 410 1$1001UON00100619$12001 $aMnemosyne$eBibliotheca classica Batava. Supplementum$fcollegerunt A.D. Leeman... [et al.]$v298 410 1$1001UON00332498$12001 $aMnemosyne. Supplements$eMonographs on Greek and Roman Language and Literature$fed. G. J. Boter$bet al.]$v298 606 $aSCRITTURA E TRADIZIONE ORALE$xStoria$xAntichita'$3UONC073124$2FI 620 $aUS$dBoston$3UONL000139 620 $aNL$dLeiden$3UONL003056 676 $a880.2$cLETTERATURA GRECA - MED. E BIZ.$v21 702 1$aMACKAY$bAnne E.$3UONV181172 712 $aBrill$3UONV245886$4650 801 $aIT$bSOL$c20240220$gRICA 899 $aSIBA - SISTEMA BIBLIOTECARIO DI ATENEO$2UONSI 912 $aUON00327654 950 $aSIBA - SISTEMA BIBLIOTECARIO DI ATENEO$dSI R 0096 $eSI MC 32565 5 996 $aOrality, Literacy, Memory in the Ancient Greek and Roman World$91369085 997 $aUNIOR